Normal view
MARC view
Entry Corporate Name
001 - CONTROL NUMBER
- control field: 1238943
003 - CONTROL NUMBER IDENTIFIER
- control field: OSt
005 - DATE AND TIME OF LATEST TRANSACTION
- control field: 20260511114348.0
008 - FIXED-LENGTH DATA ELEMENTS
- fixed length control field: 260511|| aca||aabn | a|a d
040 ## - CATALOGING SOURCE
- Original cataloging agency: OSt
- Transcribing agency: OSt
110 ## - HEADING--CORPORATE NAME
- Subordinate unit: ਡਿਪਾਰਟਮੇਂਟ ਔਫ ਪੰਜਾਬੀ, ਯੂਨੀਵਰਸਿਟੀ ਔਫ ਦਿੱਲੀ
670 ## - SOURCE DATA FOUND
- Source citation: Work cat.: (OSt)1851165: ਕੌਰ, ਪਰਮਿੰਦਰ 1238942, 21 ਵੀਂ ਸਦੀ ਦੀ ਪੰਜਾਬੀ ਕਹਾਣੀ: ਬਿਰਤਾਂਤ ਸ਼ਾਸਤਰੀ ਅਧਿਅਨ , 2025.
